Malayalathinte E. jeevitham/ (Record no. 182033)

000 -LEADER
fixed length control field 00406nam a22001577a 4500
020 ## - INTERNATIONAL STANDARD BOOK NUMBER
ISBN 9788119443925
082 ## - DEWEY DECIMAL CLASSIFICATION NUMBER
Classification number M 302.23
Item number SUN/M
100 ## - MAIN ENTRY--AUTHOR NAME
Personal name Suneetha T. V.
245 ## - TITLE STATEMENT
Title Malayalathinte E. jeevitham/
Statement of responsibility, etc by Suneetha T. V.
260 ## - PUBLICATION, DISTRIBUTION, ETC. (IMPRINT)
Place of publication Kozhikode:
Name of publisher Pavanatma Publishers,
Year of publication 2024.
300 ## - PHYSICAL DESCRIPTION
Number of Pages 99p.
650 ## - SUBJECT ADDED ENTRY--TOPICAL TERM
Topical Term Mass Media
650 ## - SUBJECT ADDED ENTRY--TOPICAL TERM
Topical Term Media Communication
650 ## - SUBJECT ADDED ENTRY--TOPICAL TERM
Topical Term Social Sciences
942 ## - ADDED ENTRY ELEMENTS (KOHA)
Koha item type Book
Holdings
Withdrawn status Lost status Damaged status Not for loan Permanent Location Current Location Shelving location Date acquired Cost, normal purchase price Full call number Accession Number Price effective from Koha item type
        Sree Sankaracharya University of Sanskrit Sree Sankaracharya University of Sanskrit Stacks 04.06.2026 200.00 M 302.23 SUN/M 109022 04.06.2026 Book